000 00865cam a2200277 a 4500
001 4023
005 20250818161514.0
020 _a9780670805204
040 _aDLC
_cDLC
_dDLC
_beng
050 0 0 _aPZ7.C81536
082 0 0 _a813.54
100 _aFreeman, Don
245 0 0 _aCorduroy's party /
_cpictures by Lisa McCue
260 _aNew York :
_bViking Penguin Inc. ;
_c1985
300 _a12 unnumbered pages :
_bcolor illustrations ;
_c13 cm .
490 _aCorduroy Bear (Board Book)
505 _aB
520 _aEveryone has a wonderful time at a teddy bear's birthday party. On board pages.
521 _a40
_bLexile estimate
521 _aB
_bRaz-Plus
650 1 _aParties
_xFiction.
650 1 _aTeddy bears
_xFiction.
700 1 _aMcCue, Lisa
_eillustrator
906 _a7
_bcbc
_corignew
_d3
_eocip
_f19
_gy-gencatlg
942 _2ddc
_cBK
_n0
999 _c4023
_d4023